Lintulaji vastakohdan perusteella - Statistics

Yleistilastot
  • Tätä visaa on pelattu 142 kertaa
  • Keskiarvotulos 10 / 20
Vastaustilastot
Hint Vastaus % Oikein
Ohut käsi Paksujalka
93%
Maan lammas Taivaanvuohi
89%
Kuivan maaston kana Suokukko
73%
Hiiltymätön kukko Nokikana
72%
Valkonisäkäs Mustalintu
68%
Leppänä Haapana
59%
Langanpurkaja Kehrääjä
54%
"Jalan" renki Käenpiika
53%
Valkokäsihousu Mustajalkatylli
51%
Sinitillu Punatulkku
51%
Pieni skeet Isotrappi
50%
Tyynen mörrimöykky Myrskykeiju
41%
Seisovan veden kiinteä olkalihas Virta-alli
41%
Älä tirkistele Kurki
40%
Kalattoman jäähdyttäjä Kuhankeittäjä
37%
Valkoniskahannu Mustakurkkukerttu
36%
Iso absolutisti Pikkusieppo
31%
Tuli syötetyksi Ruokki
17%
Kessusta selkä Kapustarinta
14%
Hedelmätön Holkeri Mandariinisorsa
9%
Ehtoja vastaavia visoja ei löytynyt
Tulosjakauma
Jokaisen tuloksen saaneiden osuus
Persentiili vastausten määrän mukaan
Tuloshistoriasi
Et ole pelannut tätä visaa